Meranie výkonnosti vzdelávania v odbore manažérstvo leteckej prevádzky
Uložené v:
| Hlavný autor: | |
|---|---|
| Ďalší autori: | , |
| Médium: | Kapitola |
| Jazyk: | Slovak |
| Predmet: | |
| Tagy: |
Žiadne tagy, Buďte prvý, kto otaguje tento záznam!
|
MARC
| LEADER | 00000naa$a2200000$$$4500 | ||
|---|---|---|---|
| 001 | 0051049 | ||
| 005 | 20240502071607.0 | ||
| 041 | 0 | |a slo | |
| 044 | |a SK | ||
| 245 | 1 | 0 | |a Meranie výkonnosti vzdelávania v odbore manažérstvo leteckej prevádzky |c František Olejník, Michal Tkáč, Stanislav Szabo |
| 610 | 2 | 0 | |a vzdelávanie |
| 610 | 2 | 0 | |a školy vysoké |
| 610 | 2 | 0 | |a odbory študijné |
| 610 | 2 | 0 | |a manažment |
| 610 | 2 | 0 | |a priemysel letecký |
| 610 | 2 | 0 | |a výkonnosť |
| 610 | 2 | 0 | |a prax odborná |
| 610 | 2 | 0 | |a efektívnosť |
| 100 | 1 | |a Olejník, František | |
| 700 | 1 | |a Tkáč, Michal, 1958- | |
| 700 | 1 | |a Szabo, Stanislav, 1970- | |